[Event " "]
[Site "BESANCON"]
[Date "21.??.??"]
[Round "1.3"]
[White "Claverie, Christophe"]
[Black "Benitah, Yohan"]
[Result "1/2-1/2"]
[WhiteElo "2320"]
[BlackElo "2421"]
[PlyCount "22"]
[EventDate "21.??.??"]
[WhiteTeam "Besançon T.P.G."]
[BlackTeam "Lyon Olympique Echecs"]

1. d4 d5 2. Nf3 Nf6 3. c4 c6 4. cxd5 cxd5 5. Nc3 Nc6 6. Bf4 a6 7. Rc1 Bf5 8. e3
Qb6 9. Bd3 Bxd3 10. Qxd3 e6 11. O-O Be7 1/2-1/2

[Event " "]
[Site "BESANCON"]
[Date "21.??.??"]
[Round "1.4"]
[White "Renaze, Luc"]
[Black "Vesin, Jean-Robert"]
[Result "0-1"]
[WhiteElo "2332"]
[BlackElo "2286"]
[PlyCount "60"]
[EventDate "21.??.??"]
[WhiteTeam "Lyon Olympique Echecs"]

1. d4 g6 2. e4 Bg7 3. f4 c5 4. d5 d6 5. Nf3 Nf6 6. Nc3 O-O 7. Be2 b5 8. e5 dxe5
9. fxe5 Ng4 10. Nxb5 a6 11. Na3 Bb7 12. e6 fxe6 13. dxe6 Qc7 14. c3 Nxh2 15.
Rxh2 Qg3+ 16. Kf1 Qxh2 17. Be3 Nc6 18. Nc4 Rad8 19. Qe1 Ne5 20. Ncxe5 Qxe5 21.
Qf2 Qxe6 22. Kg1 Rf5 23. Bd1 Rd3 24. Bd2 Qf7 25. Be3 Qe6 26. Bd2 Qd7 27. Bb3+
Bd5 28. Re1 c4 29. Bd1 e5 30. Be2 e4 0-1

[Event " "]
[Site "BESANCON"]
[Date "21.??.??"]
[Round "1.5"]
[White "Minet, Steve"]
[Black "Ravot, Sylvain"]
[Result "0-1"]
[WhiteElo "2166"]
[BlackElo "2232"]
[PlyCount "102"]
[EventDate "21.??.??"]
[WhiteTeam "Besançon T.P.G."]
[BlackTeam "Lyon Olympique Echecs"]

1. e4 c5 2. Nf3 e6 3. c3 Nf6 4. e5 Nd5 5. d4 cxd4 6. Bc4 Nb6 7. Bb3 Nc6 8. cxd4
d5 9. exd6 Bxd6 10. O-O O-O 11. Re1 Be7 12. Nc3 Bf6 13. Re4 Nb4 14. h4 h6 15.
Bf4 N4d5 16. Be5 Bd7 17. Nxd5 exd5 18. Rf4 Be7 19. Qd3 Rc8 20. Bc2 Rxc2 21.
Qxc2 f6 22. Bc7 Qc8 23. Ne1 Nc4 24. Rf3 Qxc7 25. b3 b5 26. bxc4 dxc4 27. Re3
Bd6 28. Nf3 Qc8 29. Qe4 Qc6 30. d5 Qb6 31. Rae1 Bc5 32. R3e2 h5 33. Qg6 Qd6 34.
Qxh5 Qf4 35. d6 Qf5 36. Qxf5 Bxf5 37. Re7 a6 38. Rd1 Rd8 39. g3 c3 40. Rc7 c2
41. Rc1 Rxd6 42. Kg2 Rd1 43. Rxc2 Bxc2 44. Rxc5 Be4 45. Rc3 b4 46. Rb3 a5 47.
h5 Bd5 48. Re3 a4 49. Kh3 Bxf3 50. Rxf3 b3 51. axb3 a3 0-1

[Event " "]
[Site "BESANCON"]
[Date "21.??.??"]
[Round "1.6"]
[White "Safranska, Anda"]
[Black "Frederic, Clement"]
[Result "1-0"]
[WhiteElo "2294"]
[BlackElo "2218"]
[PlyCount "81"]
[EventDate "21.??.??"]
[WhiteTeam "Lyon Olympique Echecs"]

1. Nf3 f5 2. d3 Nf6 3. Nc3 d6 4. e4 e5 5. exf5 Bxf5 6. d4 Nc6 7. Bb5 exd4 8.
Nxd4 Bd7 9. O-O Be7 10. Re1 Nxd4 11. Qxd4 Bxb5 12. Nxb5 a6 13. Nc3 O-O 14. Bg5
Kh8 15. h3 Ng8 16. Rxe7 Nxe7 17. Qh4 Re8 18. Nd5 Ng6 19. Bxd8 Nxh4 20. Bxh4 Re5
21. Rd1 Rc8 22. g4 Re6 23. Bg3 Kg8 24. Kg2 Kf7 25. Rd3 Re1 26. Rc3 c6 27. Rf3+
Ke8 28. Ne3 Rd8 29. Nf5 Rd7 30. Nxd6+ Ke7 31. Rb3 b5 32. Nf5+ Ke6 33. Rc3 g6
34. Ne3 Ke7 35. Rxc6 Ra7 36. a3 Rb1 37. Be5 Rc1 38. Nd5+ Kd7 39. Rd6+ Ke8 40.
Bd4 Rf7 41. c3 1-0

[Event " "]
[Site "BESANCON"]
[Date "21.??.??"]
[Round "1.7"]
[White "Stefanski, Pascal"]
[Black "Lacour, Serge"]
[Result "1/2-1/2"]
[WhiteElo "2099"]
[BlackElo "2186"]
[PlyCount "84"]
[EventDate "21.??.??"]
[WhiteTeam "Besançon T.P.G."]
[BlackTeam "Lyon Olympique Echecs"]

1. e4 c5 2. Nf3 Nc6 3. d4 cxd4 4. Nxd4 e5 5. Nb5 d6 6. N1c3 a6 7. Na3 b5 8. Nd5
Nge7 9. c4 Nd4 10. Nc2 Nxc2+ 11. Qxc2 Nxd5 12. cxd5 Bd7 13. Bd3 Be7 14. O-O O-O
15. Qe2 Rc8 16. a4 bxa4 17. Bxa6 Rb8 18. Ra3 Qb6 19. Rc3 Ra8 20. Bd3 Rfc8 21.
Be3 Qb4 22. Rxc8+ Rxc8 23. Rc1 Rxc1+ 24. Bxc1 Bd8 25. Be3 g6 26. Qd2 Ba5 27.
Qxb4 Bxb4 28. Kf1 f5 29. f3 Kf7 30. Ke2 f4 31. Bb6 h5 32. Kd1 a3 33. bxa3 Bxa3
34. Kc2 Bb4 35. Kb3 Be1 36. Bd8 Bf2 37. Bg5 Ke8 38. Kb4 Be1+ 39. Kb3 Ba5 40.
Bh4 Bd2 41. Kc2 Ba5 42. Kb3 Bd2 1/2-1/2

[Event " "]
[Site "BESANCON"]
[Date "21.??.??"]
[Round "1.8"]
[White "Mehiaoui, Dounia"]
[Black "Lamotte, Gaelle"]
[Result "1/2-1/2"]
[WhiteElo "1874"]
[BlackElo "1919"]
[PlyCount "73"]
[EventDate "21.??.??"]
[WhiteTeam "Lyon Olympique Echecs"]

1. e4 e6 2. d4 d5 3. Nd2 c5 4. exd5 Qxd5 5. Ngf3 cxd4 6. Bc4 Qd6 7. O-O Nf6 8.
Nb3 Nc6 9. Nbxd4 Nxd4 10. Qxd4 Qxd4 11. Nxd4 a6 12. Bf4 Be7 13. Rfe1 O-O 14.
Rad1 b5 15. Bb3 Bc5 16. a4 bxa4 17. Bxa4 Bb7 18. c4 Rac8 19. Bc2 Bb4 20. Re3
Rxc4 21. Bb3 Rxd4 22. Rxd4 Bc5 23. Red3 Bxd4 24. Rxd4 Nd5 25. Bxd5 Bxd5 26. Ra4
Ra8 27. Be5 f6 28. Bc3 Kf7 29. g3 Ke7 30. f4 Kd6 31. Kf2 Kc6 32. Ke3 Kb5 33.
Rb4+ Kc5 34. Ra4 Bc4 35. Ra1 Rd8 36. Re1 Rd3+ 37. Kf2 1/2-1/2

[Event " "]
[Site "TOULOUSE"]
[Date "21.??.??"]
[Round "1.1"]
[White "Alsina Leal, Daniel"]
[Black "Van Elst, Andreas"]
[Result "1-0"]
[WhiteElo "2435"]
[BlackElo "2350"]
[PlyCount "51"]
[EventDate "21.??.??"]
[WhiteTeam "Avignon"]
[BlackTeam "C.E.I. Toulouse"]

1. e4 c5 2. Nf3 e6 3. d4 cxd4 4. Nxd4 a6 5. c4 Nf6 6. Nc3 Bb4 7. Nc2 Bxc3+ 8.
bxc3 Qa5 9. Qd3 O-O 10. Ba3 Re8 11. Bd6 Nc6 12. Be2 Ne5 13. Qd4 Nc6 14. Qe3 Qa4
15. Nd4 Nxd4 16. cxd4 Qa5+ 17. Kf1 h6 18. e5 Nh7 19. h4 Qa4 20. Rh3 f5 21. exf6
Nxf6 22. Rg3 Kh8 23. Rg6 Qc6 24. Be5 Qe4 25. Qxh6+ gxh6 26. Bxf6+ 1-0

[Event " "]
[Site "TOULOUSE"]
[Date "21.??.??"]
[Round "1.2"]
[White "Luminais, Eric"]
[Black "Lacasa Diaz, Jose Antonio"]
[Result "1-0"]
[WhiteElo "2231"]
[BlackElo "2393"]
[PlyCount "83"]
[EventDate "21.??.??"]
[WhiteTeam "C.E.I. Toulouse"]

1. e4 c5 2. Nf3 e6 3. d3 d5 4. Nbd2 Nf6 5. g3 Nc6 6. Bg2 Be7 7. O-O O-O 8. Re1
Qc7 9. c3 dxe4 10. dxe4 Rd8 11. Qc2 b6 12. Nc4 Ba6 13. Bf1 b5 14. Bf4 Qc8 15.
Ncd2 h6 16. h3 Nd7 17. g4 e5 18. Be3 Rb8 19. a4 b4 20. Nc4 Qc7 21. Nfd2 bxc3
22. bxc3 Nd4 23. cxd4 cxd4 24. Qa2 Bb4 25. Rec1 Nc5 26. Bxd4 exd4 27. Rab1 Qf4
28. Rc2 Nxe4 29. Nxe4 Qxe4 30. Rcb2 Qe7 31. Bd3 h5 32. Rb3 Qc5 33. Qe2 hxg4 34.
hxg4 g6 35. Qe5 Qf8 36. Qf6 Be7 37. Qxa6 Rxb3 38. Rxb3 Qh6 39. Qxa7 Bh4 40. Ne5
Bxf2+ 41. Kg2 Rf8 42. Rb8 1-0

[Event " "]
[Site "TOULOUSE"]
[Date "21.??.??"]
[Round "1.3"]
[White "Duquesnoy, Jean-Philippe"]
[Black "Heinis, Vincent"]
[Result "0-1"]
[WhiteElo "2259"]
[BlackElo "2202"]
[PlyCount "64"]
[EventDate "21.??.??"]
[WhiteTeam "Avignon"]
[BlackTeam "C.E.I. Toulouse"]

1. d4 Nf6 2. c4 g6 3. Nc3 Bg7 4. e4 d6 5. f3 O-O 6. Be3 a6 7. Bd3 Nc6 8. Nge2
Nd7 9. Bc2 Rb8 10. Rc1 b5 11. cxb5 axb5 12. Bd3 Nb4 13. Bb1 c5 14. O-O Nc6 15.
dxc5 Nxc5 16. Qd2 Ne5 17. b3 b4 18. Nd1 Ba6 19. Nf2 Qa5 20. Rfd1 Rfd8 21. Nd4
Rbc8 22. Bg5 Ned3 23. Bxd3 Nxd3 24. Nc6 Rxc6 25. Rxc6 Nxf2 26. Kxf2 Bc3 27. Qe3
Qxa2+ 28. Kg1 f6 29. Qb6 Ra8 30. Bh6 Qe2 31. Rc1 Be1 32. R6c2 Qf1# 0-1

[Event " "]
[Site "TOULOUSE"]
[Date "21.??.??"]
[Round "1.5"]
[White "Pieroni, Guillaume"]
[Black "Tournier, Mathieu"]
[Result "1/2-1/2"]
[WhiteElo "2228"]
[BlackElo "2225"]
[PlyCount "27"]
[EventDate "21.??.??"]
[WhiteTeam "Avignon"]
[BlackTeam "C.E.I. Toulouse"]

1. e4 e5 2. d4 exd4 3. Qxd4 Nc6 4. Qe3 g6 5. Nc3 Bg7 6. Bd2 Nf6 7. O-O-O O-O 8.
f3 d5 9. Qf2 dxe4 10. Qh4 Nd7 11. Qxd8 Rxd8 12. Nxe4 Nf8 13. Bc4 Be6 14. Bxe6
1/2-1/2

[Event " "]
[Site "TOULOUSE"]
[Date "21.??.??"]
[Round "1.6"]
[White "Planell, Eric"]
[Black "Valentin, Dominique"]
[Result "1-0"]
[WhiteElo "2185"]
[BlackElo "1986"]
[PlyCount "39"]
[EventDate "21.??.??"]
[WhiteTeam "C.E.I. Toulouse"]

1. e4 e6 2. d4 d5 3. Nd2 c5 4. exd5 Qxd5 5. Ngf3 cxd4 6. Bc4 Qd8 7. Ne4 Nc6 8.
O-O Nf6 9. Nxf6+ gxf6 10. Qe2 Bd6 11. Rd1 Qc7 12. Nxd4 Nxd4 13. Rxd4 Bd7 14.
Bb5 Bxh2+ 15. Kh1 O-O-O 16. Bxd7+ Rxd7 17. Rc4 Rd1+ 18. Qxd1 Qxc4 19. Kxh2 Rd8
20. Qf3 1-0

[Event " "]
[Site "TOULOUSE"]
[Date "21.??.??"]
[Round "1.7"]
[White "Handschuh, Alan"]
[Black "Pasquier, Thomas"]
[Result "1/2-1/2"]
[WhiteElo "1870"]
[BlackElo "2233"]
[PlyCount "144"]
[EventDate "21.??.??"]
[WhiteTeam "Avignon"]
[BlackTeam "C.E.I. Toulouse"]

1. e4 c5 2. Nf3 e6 3. Nc3 a6 4. d4 cxd4 5. Nxd4 Qc7 6. Bd3 g6 7. Bd2 Bg7 8. Nf3
Nc6 9. O-O Nf6 10. Re1 d6 11. Bf4 Ng4 12. Qd2 O-O 13. Bf1 Nge5 14. Nxe5 dxe5
15. Bg5 b5 16. Rad1 Nd4 17. Bd3 Bb7 18. Ne2 Nc6 19. c3 Rac8 20. Bb1 f6 21. Be3
Rfd8 22. Qc1 Na5 23. b3 Bf8 24. Qb2 Kf7 25. Kf1 Be7 26. f3 Bc5 27. Bxc5 Qxc5
28. c4 b4 29. Qc1 Nc6 30. Rxd8 Rxd8 31. Rd1 Nd4 32. Bd3 a5 33. Nxd4 Rxd4 34.
Be2 Bc6 35. Rxd4 Qxd4 36. Qd1 Ke7 37. Qxd4 exd4 38. Ke1 Kd6 39. Kd2 Kc5 40. Kd3
a4 41. Bd1 a3 42. Be2 e5 43. Bf1 Bd7 44. Be2 f5 45. g4 fxg4 46. fxg4 g5 47. h3
Be8 48. Bf1 h5 49. Be2 hxg4 50. hxg4 Bf7 51. Bd1 Be6 52. Kd2 Kc6 53. Kd3 Kd6
54. Kd2 Bd7 55. Kd3 Bc6 56. Bc2 Kc5 57. Kd2 Be8 58. Kd3 Bf7 59. Kd2 Bg6 60. Kd3
Bh7 61. Kd2 Bg8 62. Kd3 Bf7 63. Kd2 Be8 64. Kd3 Bd7 65. Bd1 Bc8 66. Kd2 Bb7 67.
Kd3 Bc6 68. Bc2 Ba8 69. Kd2 Bb7 70. Kd3 Bc8 71. Bd1 Bd7 72. Kd2 Be6 1/2-1/2

[Event " "]
[Site "TOULOUSE"]
[Date "21.??.??"]
[Round "1.8"]
[White "Sasot Samplon, Eloy"]
[Black "Bomba, Melody"]
[Result "1-0"]
[WhiteElo "2151"]
[BlackElo "1836"]
[PlyCount "119"]
[EventDate "21.??.??"]
[WhiteTeam "C.E.I. Toulouse"]

1. d4 Nf6 2. Nf3 g6 3. Bf4 Bg7 4. e3 O-O 5. Bd3 d6 6. O-O Nd5 7. Bg5 Nd7 8. c3
c5 9. Nbd2 N7f6 10. e4 Nc7 11. h3 Ne6 12. Be3 b6 13. a4 Bb7 14. Re1 Rc8 15. Qe2
Qc7 16. d5 Nd8 17. Ba6 e6 18. Bxb7 Qxb7 19. c4 Re8 20. Qd3 Qd7 21. Bg5 e5 22.
Nb1 Nh5 23. Nc3 h6 24. Bd2 Rf8 25. g4 Nf4 26. Bxf4 exf4 27. e5 h5 28. e6 fxe6
29. Qxg6 Rf6 30. dxe6 Nxe6 31. Qxh5 Rh6 32. Qd5 Kh8 33. Kg2 Rf8 34. Rad1 Nd4
35. Nb5 Nxf3 36. Qxf3 a6 37. Nc3 Bd4 38. Re4 Qf7 39. Nd5 Be5 40. b3 Qb7 41. Nc3
Kg8 42. Ne2 b5 43. axb5 axb5 44. Ng1 bxc4 45. bxc4 Qf7 46. Qd3 Qg6 47. Re2 Qf6
48. Nf3 Rh7 49. Qd5+ Kh8 50. Rh1 Qg7 51. Nxe5 dxe5 52. Rxe5 f3+ 53. Kg3 Qh6 54.
Rf5 Qh4+ 55. Kxf3 Rxf5+ 56. Qxf5 Qe7 57. Qc8+ Kg7 58. Qf5 Qb7+ 59. Qd5 Qb3+ 60.
Kg2 1-0

[Event " "]
[Site "GRASSE"]
[Date "21.??.??"]
[Round "1.1"]
[White "Sanchez, Joseph"]
[Black "Dobrev, Nanko"]
[Result "1-0"]
[WhiteElo "2496"]
[BlackElo "2448"]
[PlyCount "122"]
[EventDate "21.??.??"]
[WhiteTeam "Cannes II"]
[BlackTeam "Grasse"]

1. e4 e5 2. Nf3 Nc6 3. d4 exd4 4. Nxd4 Bc5 5. Be3 Qf6 6. c3 Nge7 7. Bc4 Ne5 8.
Be2 d5 9. O-O O-O 10. f4 Qh6 11. Qd2 N5c6 12. e5 Bxd4 13. cxd4 Qg6 14. Nc3 Bf5
15. Rf2 h5 16. Rf3 Bg4 17. Bd3 Qe6 18. Rf2 h4 19. Na4 Rae8 20. Nc5 Qc8 21. Rc1
h3 22. Bf1 Nd8 23. Rc3 c6 24. gxh3 Bxh3 25. Bxh3 Qxh3 26. Rg2 b6 27. Bf2 Qc8
28. Nb3 Nf5 29. Qc2 f6 30. Nd2 fxe5 31. fxe5 Ne6 32. Rxc6 Qa6 33. Nf3 Rf7 34.
Rxe6 Rxe6 35. Ng5 Nxd4 36. Qh7+ Kf8 37. Nxf7 Nf3+ 38. Kh1 Qf1+ 39. Bg1 Nxg1 40.
Qxg7+ Ke8 41. Qg8+ Kd7 42. Qd8+ Kc6 43. Rc2+ Kb5 44. Qxd5+ Ka6 45. Qc4+ Qxc4
46. Rxc4 Rg6 47. Rc2 Nf3 48. Rg2 Rc6 49. Rf2 Nh4 50. h3 Rc1+ 51. Kh2 Re1 52.
Kg3 Ng6 53. Rf5 Re2 54. h4 Re3+ 55. Kg4 Re4+ 56. Kg5 Nxh4 57. Rf4 Rxf4 58. Kxf4
Ng6+ 59. Kf5 Ne7+ 60. Ke6 Ng8 61. Kd7 Kb7 1-0

[Event " "]
[Site "GRASSE"]
[Date "21.??.??"]
[Round "1.2"]
[White "Dunis, Aurelien"]
[Black "Levacic, Damir"]
[Result "1-0"]
[WhiteElo "2504"]
[BlackElo "2253"]
[PlyCount "79"]
[EventDate "21.??.??"]
[WhiteTeam "Grasse"]

1. d4 Nf6 2. Nf3 e6 3. c4 Bb4+ 4. Bd2 Qe7 5. g3 O-O 6. Bg2 Nc6 7. O-O Bxd2 8.
Qxd2 d6 9. Nc3 a6 10. e4 Rb8 11. e5 dxe5 12. Nxe5 Nxe5 13. dxe5 Nd7 14. Qe3 b5
15. cxb5 axb5 16. Rac1 Bb7 17. Rfd1 Bxg2 18. Kxg2 Rfd8 19. Rd2 b4 20. Na4 Nb6
21. Nxb6 Rxd2 22. Qxd2 Rxb6 23. Qc2 c6 24. Qa4 Qb7 25. Rd1 Qb8 26. Rd6 h6 27.
Qd1 Kh7 28. Qd3+ g6 29. Qf3 Qe8 30. Qf6 Rb8 31. h4 h5 32. f3 Ra8 33. g4 hxg4
34. fxg4 Rxa2 35. Rd8 Qxd8 36. Qxd8 Rxb2+ 37. Kf3 Kg7 38. Qf6+ Kg8 39. h5 gxh5
40. gxh5 1-0

[Event " "]
[Site "GRASSE"]
[Date "21.??.??"]
[Round "1.3"]
[White "Levacic, Patrick"]
[Black "Andonov, Bogomil"]
[Result "1/2-1/2"]
[WhiteElo "2292"]
[BlackElo "2361"]
[PlyCount "82"]
[EventDate "21.??.??"]
[WhiteTeam "Cannes II"]
[BlackTeam "Grasse"]

1. e4 c5 2. Nf3 Nc6 3. Bb5 Nf6 4. Nc3 g6 5. e5 Ng4 6. Qe2 Bg7 7. Bxc6 dxc6 8.
h3 Nh6 9. g4 O-O 10. d3 f5 11. g5 Nf7 12. e6 Nd6 13. Bf4 Ne8 14. h4 Nc7 15. h5
Nxe6 16. Be5 Bxe5 17. Qxe5 Nd4 18. Nxd4 Qxd4 19. Qh2 Qg7 20. hxg6 hxg6 21.
O-O-O e5 22. Rde1 Re8 23. f4 Be6 24. Re3 Kf8 25. fxe5 Ke7 26. Rh3 Bg8 27. Re1
Kd7 28. Qf4 b6 29. a3 Re6 30. b4 Rae8 31. Rhe3 Qe7 32. b5 c4 33. bxc6+ Rxc6 34.
d4 Qxa3+ 35. Kd2 Qa5 36. Rb1 a6 37. Ree1 b5 38. Ra1 Qb4 39. Reb1 Qe7 40. d5 Rb6
41. Qe3 Qxe5 1/2-1/2

[Event " "]
[Site "GRASSE"]
[Date "21.??.??"]
[Round "1.4"]
[White "Abravanel, Chely"]
[Black "Delabaca, Romuald"]
[Result "1/2-1/2"]
[WhiteElo "2337"]
[BlackElo "2164"]
[PlyCount "68"]
[EventDate "21.??.??"]
[WhiteTeam "Grasse"]

1. e4 c5 2. Nf3 d6 3. c3 Nf6 4. h3 g6 5. Bd3 Bg7 6. O-O O-O 7. Bc2 e5 8. d4
exd4 9. cxd4 Nc6 10. d5 Nb4 11. Nc3 Nxc2 12. Qxc2 a6 13. a4 Nh5 14. Be3 Re8 15.
Rfe1 Bd7 16. Bg5 Bf6 17. Bxf6 Qxf6 18. e5 dxe5 19. Ne4 Qf4 20. Qxc5 Bxh3 21.
Nfg5 Bxg2 22. Kxg2 Qg4+ 23. Kf1 h6 24. f3 Qh4 25. Nxf7 Qh3+ 26. Kg1 Kxf7 27.
Nd6+ Kg8 28. Nxe8 Qg3+ 29. Kh1 Qxf3+ 30. Kg1 Qg3+ 31. Kh1 Qf3+ 32. Kg1 Qg3+ 33.
Kh1 Qf3+ 34. Kg1 Qg3+ 1/2-1/2

[Event " "]
[Site "GRASSE"]
[Date "21.??.??"]
[Round "1.5"]
[White "Kerbrat, Julien"]
[Black "Di Paolo, Raffaele"]
[Result "1/2-1/2"]
[WhiteElo "2171"]
[BlackElo "2342"]
[PlyCount "107"]
[EventDate "21.??.??"]
[WhiteTeam "Cannes II"]
[BlackTeam "Grasse"]

1. e4 e6 2. d3 d5 3. Nd2 c5 4. Ngf3 Nc6 5. g3 g6 6. Bg2 Bg7 7. O-O Nge7 8. Kh1
b6 9. Nh4 g5 10. Nhf3 h6 11. Re1 Bb7 12. c3 Qc7 13. exd5 exd5 14. d4 cxd4 15.
Nxd4 Nxd4 16. cxd4 O-O 17. Nf3 Nf5 18. Qd3 Nd6 19. h4 Ne4 20. Kg1 f6 21. Be3
Qd7 22. Rac1 Rac8 23. Qa3 a5 24. Qb3 b5 25. Bf1 Rc4 26. Qa3 b4 27. Qd3 Rfc8 28.
Qb1 Qd6 29. Bh3 R8c7 30. Bg2 a4 31. hxg5 hxg5 32. Nd2 Rxc1 33. Rxc1 Re7 34.
Nxe4 dxe4 35. Qc2 a3 36. Bh3 Bf8 37. bxa3 bxa3 38. Bf1 Kh8 39. Qc5 Rd7 40. Bb5
Rd8 41. Qf5 Bd5 42. Kg2 Bg7 43. Bc4 Bxc4 44. Rxc4 Qd5 45. Qxd5 Rxd5 46. Rc8+
Kh7 47. Ra8 Kg6 48. Rxa3 f5 49. Ra4 Kh5 50. f3 exf3+ 51. Kxf3 Rb5 52. Bc1 Rb1
53. Rc4 Bxd4 54. Bxg5 1/2-1/2

[Event " "]
[Site "GRASSE"]
[Date "21.??.??"]
[Round "1.6"]
[White "Garbarino, Xavier"]
[Black "Marino, Olivier"]
[Result "1-0"]
[WhiteElo "2255"]
[BlackElo "2125"]
[PlyCount "103"]
[EventDate "21.??.??"]
[WhiteTeam "Grasse"]

1. d4 Nf6 2. Nf3 g6 3. Nc3 d5 4. Bf4 c6 5. e3 Bg7 6. Be2 O-O 7. h4 Bg4 8. Ne5
Bxe2 9. Qxe2 Qa5 10. Kf1 Nbd7 11. g4 Nxe5 12. Bxe5 Qb4 13. Rb1 Ne4 14. Nxe4
dxe4 15. c3 Qa5 16. b4 Qd5 17. c4 Qe6 18. Bxg7 Kxg7 19. Rc1 f5 20. Qb2 fxg4 21.
d5+ Qf6 22. Qxf6+ Rxf6 23. dxc6 bxc6 24. Ke2 Raf8 25. Rhf1 e5 26. b5 Kh6 27. a4
Kh5 28. c5 Rc8 29. Rb1 h6 30. b6 a5 31. Rbd1 Kxh4 32. Rd7 Kh3 33. Re7 Kg2 34.
Rxe5 g3 35. Rxe4 Rcf8 36. f4 Kh2 37. Kf3 g5 38. Rd4 g4+ 39. Kxg4 g2 40. Rd2
Rg6+ 41. Kh5 Rg3 42. Rff2 Rfg8 43. Rxg2+ Rxg2 44. Rxg2+ Kxg2 45. Kxh6 Kf3 46.
f5 Ke4 47. f6 Kd5 48. f7 Rb8 49. Kg7 Kxc5 50. e4 Kxb6 51. e5 c5 52. e6 1-0

[Event " "]
[Site "GRASSE"]
[Date "21.??.??"]
[Round "1.7"]
[White "Canneva, Florian"]
[Black "Henneteau, Jeremy"]
[Result "1-0"]
[WhiteElo "2087"]
[BlackElo "2119"]
[PlyCount "49"]
[EventDate "21.??.??"]
[WhiteTeam "Cannes II"]
[BlackTeam "Grasse"]

1. e4 d5 2. exd5 Qxd5 3. Nc3 Qd6 4. d4 Nf6 5. Nf3 a6 6. g3 Bg4 7. Bg2 Nc6 8.
O-O O-O-O 9. d5 Nb4 10. h3 Bh5 11. Bf4 Qc5 12. Be3 Qd6 13. Qe2 Nbxd5 14. Nxd5
Nxd5 15. Rfd1 Qb4 16. g4 Bg6 17. c3 Qa5 18. c4 Nxe3 19. Qxe3 c5 20. Ne5 Rd6 21.
b4 Qxb4 22. Nxg6 fxg6 23. Qe4 b5 24. Qb7+ Kd8 25. Bc6 1-0

[Event " "]
[Site "GRASSE"]
[Date "21.??.??"]
[Round "1.8"]
[White "Forestier, Carole"]
[Black "Verot, Melanie"]
[Result "1/2-1/2"]
[WhiteElo "1975"]
[BlackElo "2112"]
[PlyCount "20"]
[EventDate "21.??.??"]
[WhiteTeam "Grasse"]

1. d4 Nf6 2. c4 c5 3. d5 e5 4. Nc3 d6 5. e4 Be7 6. g3 a6 7. Bg2 O-O 8. Nge2
Nbd7 9. O-O Ne8 10. Be3 g6 1/2-1/2

[Event "Interclubs Adultes"]
[Site "BELFORT"]
[Date "24.??.??"]
[Round "2.1"]
[White "Romieux, Sebastien"]
[Black "Popovic, Petar"]
[Result "0-1"]
[WhiteElo "2249"]
[BlackElo "2474"]
[PlyCount "40"]
[EventDate "24.??.??"]
[WhiteTeam "Creteil"]
[BlackTeam "Mulhouse II"]

1. e4 c5 2. Nf3 d6 3. d4 cxd4 4. Nxd4 Nf6 5. Nc3 a6 6. Bg5 e6 7. f4 Be7 8. Qf3
Qc7 9. O-O-O Bd7 10. Kb1 Nc6 11. f5 Nxd4 12. Rxd4 O-O 13. Be2 h6 14. h4 Rac8
15. g4 Bc6 16. Rd2 d5 17. e5 d4 18. Qf4 dxc3 19. Bxh6 Qb6 20. b3 Qb4 0-1

[Event "Interclubs Adultes"]
[Site "BELFORT"]
[Date "24.??.??"]
[Round "2.2"]
[White "Lerch, Patrice"]
[Black "Brih, Said"]
[Result "0-1"]
[WhiteElo "2306"]
[BlackElo "2207"]
[PlyCount "104"]
[EventDate "24.??.??"]
[WhiteTeam "Mulhouse II"]
[BlackTeam "Creteil"]

1. e4 c5 2. Nc3 Nc6 3. g3 g6 4. Bg2 Bg7 5. d3 d6 6. Be3 Nd4 7. Qd2 e5 8. Nd5
Nf6 9. Nxf6+ Bxf6 10. c3 Nc6 11. Ne2 O-O 12. O-O Bg7 13. d4 Qe7 14. b4 exd4 15.
cxd4 Nxb4 16. Rac1 Na6 17. Rfd1 Be6 18. Bg5 f6 19. Bf4 g5 20. Be3 b6 21. e5
Rad8 22. exd6 Rxd6 23. Qe1 Rfd8 24. Nc3 cxd4 25. Bxd4 Qf7 26. Nb5 R6d7 27. Bc6
Re7 28. Bb2 Rxd1 29. Qxd1 Nc5 30. a4 h5 31. a5 Nb3 32. axb6 axb6 33. Rc2 Nc5
34. Re2 Bb3 35. Qd8+ Bf8 36. Rxe7 Qxe7 37. Qxb6 Bc4 38. Ba3 Qe2 39. h4 Qf1+ 40.
Kh2 Qxf2+ 41. Kh1 Qf1+ 42. Kh2 Qe2+ 43. Kh1 Qd1+ 44. Kh2 Qe2+ 45. Kh1 gxh4 46.
Qd8 hxg3 47. Bg2 Ne4 48. Bb4 Nd6 49. Qxf6 Qd1+ 50. Bf1 Bxf1 51. Qg6+ Bg7 52.
Qxd6 Qf3+ 0-1

[Event "Interclubs Adultes"]
[Site "BELFORT"]
[Date "24.??.??"]
[Round "2.3"]
[White "Bouchet, Nicolas"]
[Black "Kurmann, Oliver"]
[Result "1/2-1/2"]
[WhiteElo "2298"]
[BlackElo "2396"]
[PlyCount "172"]
[EventDate "24.??.??"]
[WhiteTeam "Creteil"]
[BlackTeam "Mulhouse II"]

1. e4 c5 2. Nf3 e6 3. c3 Nf6 4. e5 Nd5 5. d4 cxd4 6. cxd4 d6 7. a3 Bd7 8. Bd3
Bc6 9. O-O Nd7 10. Re1 Rc8 11. Bg5 Be7 12. Bxe7 Qxe7 13. Nbd2 dxe5 14. dxe5 Nc5
15. Nc4 O-O 16. Nd6 Rc7 17. Bxh7+ Kxh7 18. Qc2+ Kg8 19. Qxc5 Nb6 20. Qe3 Bxf3
21. Qxf3 Nc4 22. Qg3 Rc5 23. Rac1 Nxd6 24. exd6 Rxc1 25. Rxc1 Qf6 26. d7 Qxb2
27. Qc3 Qb5 28. Rd1 Rd8 29. h4 Kf8 30. Qd4 Qb6 31. Qg4 Qc5 32. h5 a5 33. a4 b6
34. Rd3 Qc1+ 35. Rd1 Qc5 36. Qh4 Qe7 37. Qc4 Qc5 38. Qxc5+ bxc5 39. Rc1 Rxd7
40. Rxc5 Rd1+ 41. Kh2 Ra1 42. Rxa5 e5 43. Ra7 Kg8 44. a5 f6 45. a6 Kh7 46. Ra8
Ra2 47. a7 Ra3 48. g4 Ra2 49. Kg2 Ra3 50. f3 Ra2+ 51. Kf1 Ra6 52. Ke2 Ra3 53.
Kf2 Ra5 54. Ke2 Ra3 55. Kd2 Ra5 56. Kd3 Ra6 57. Kc4 Ra5 58. Kb4 Ra1 59. Kb5 Ra2
60. Kc6 Ra1 61. Kd6 Ra6+ 62. Ke7 Ra3 63. h6 Ra6 64. hxg7 Kxg7 65. Kd7 Ra1 66.
Ke6 Ra6+ 67. Kf5 Ra5 68. Ke4 Ra4+ 69. Ke3 Ra3+ 70. Kf2 Ra2+ 71. Kg3 Ra1 72. g5
fxg5 73. Kg4 Ra5 74. Re8 Rxa7 75. Rxe5 Ra4+ 76. Kxg5 Ra7 77. f4 Kf7 78. Rb5 Rc7
79. f5 Ra7 80. Rb6 Ra1 81. Rb7+ Kf8 82. Kg6 Rg1+ 83. Kf6 Kg8 84. Rb5 Ra1 85.
Rb8+ Kh7 86. Re8 Rf1 1/2-1/2

[Event "Interclubs Adultes"]
[Site "BELFORT"]
[Date "24.??.??"]
[Round "2.4"]
[White "Leburgue, Sylvain"]
[Black "Larrat, Philippe"]
[Result "1/2-1/2"]
[WhiteElo "2234"]
[BlackElo "2195"]
[PlyCount "124"]
[EventDate "24.??.??"]
[WhiteTeam "Mulhouse II"]
[BlackTeam "Creteil"]

1. e4 c5 2. Nf3 g6 3. d4 cxd4 4. Qxd4 Nf6 5. e5 Nc6 6. Qa4 Nd5 7. Qe4 Ndb4 8.
Bb5 Bg7 9. O-O O-O 10. a3 Na6 11. Bf4 Nc7 12. Bc4 b5 13. Ba2 Bb7 14. Nc3 Ne6
15. Bg3 Rb8 16. Qh4 b4 17. axb4 Nxb4 18. Qxb4 Bxf3 19. Qa3 Ba8 20. Rfd1 Qb6 21.
Nd5 Bxd5 22. Bxd5 Qxb2 23. Qxb2 Rxb2 24. Rxa7 Nd4 25. Rxd7 e6 26. Kf1 Nxc2 27.
Be4 Na3 28. Rc7 Rb5 29. Rc3 Ra5 30. Ra1 Nc4 31. Rxa5 Nxa5 32. f4 Rb8 33. Ra3
Nb3 34. Ra8 Rxa8 35. Bxa8 Nd4 36. Bf2 Nf5 37. Ke2 h5 38. g3 Bf8 39. Kd3 Be7 40.
Kc4 Kf8 41. Bf3 Ba3 42. Be4 Nh6 43. Kb5 Ng4 44. Bg1 Nh6 45. Kc6 Ke7 46. Kb5 Kf8
47. h3 Be7 48. Kc6 Ke8 49. Kc7 Bd8+ 50. Kc8 Be7 51. Bc6+ Kf8 52. Kd7 Ba3 53.
Bf3 Bb4 54. Bf2 Bd2 55. Bc5+ Kg8 56. Bf2 h4 57. gxh4 Bxf4 58. h5 gxh5 59. Bxh5
Bxe5 60. Ke8 Bf4 61. Bc5 e5 62. Bf8 e4 1/2-1/2

[Event "Interclubs Adultes"]
[Site "BELFORT"]
[Date "24.??.??"]
[Round "2.5"]
[White "Esprit, Yohann"]
[Black "Fargere, Francois"]
[Result "1/2-1/2"]
[WhiteElo "2206"]
[BlackElo "2325"]
[PlyCount "92"]
[EventDate "24.??.??"]
[WhiteTeam "Creteil"]
[BlackTeam "Mulhouse II"]

1. e4 c5 2. Nf3 d6 3. c3 Nf6 4. Be2 Bg4 5. O-O e6 6. h3 Bh5 7. Re1 Be7 8. d4
cxd4 9. cxd4 O-O 10. Nc3 d5 11. exd5 Nxd5 12. Qb3 Nb6 13. Be3 Nc6 14. d5 Nxd5
15. Rad1 Na5 16. Qa4 a6 17. Nxd5 exd5 18. b4 Nc6 19. b5 axb5 20. Qxb5 Nb4 21.
Bb6 Qb8 22. Nd4 Bg6 23. Bf3 Bd6 24. a4 Re8 25. a5 Nd3 26. Rxe8+ Qxe8 27. Qxe8+
Rxe8 28. Bxd5 Re7 29. Nb5 Bb4 30. Bc4 Rd7 31. Nd4 Nb2 32. Bb5 Rd5 33. Rc1 h5
34. Rc8+ Kh7 35. Rd8 Rxd8 36. Bxd8 Bd3 37. Be8 Kg8 38. Bd7 Ba6 39. Nb3 Bc4 40.
Nd4 Ba6 41. Nc2 Bc3 42. Ne3 Nd3 43. Bb6 Nc1 44. Nd5 Bd2 45. Nc7 Bc4 46. Bc8 Nb3
1/2-1/2